Kríza na Solisku urbárnici chcú zablokovať vleky, tréningy a preteky

Bibliographic Details
Main Author: Matejovič, Róbert, 1967- (Author)
Format: Article
Language:Slovak
Subjects:

MARC

LEADER 00000nab a2200000 a 4500
001 vtls000653201
003 SK-MaSNL
005 20260303184942.0
008 180206c1998 xo 0 slo
015 |a SNBRA1998/01-00754 
035 |a CLN000005394 
040 |a SNKBUCL  |b slo  |c SNKBUCL  |e AACR2 
041 0 |a slo 
044 |a xo  |c SK 
080 |a 332.28(437.6):347.453  |2 UDC-MRF-SK2 
100 1 |a Matejovič, Róbert,  |d 1967-  |4 aut  |9 9938 
245 1 0 |a Kríza na Solisku  |b urbárnici chcú zablokovať vleky, tréningy a preteky  |c Róbert Matejovič 
300 |b Obr. 
610 7 |a Urbár (Štrba, Slovensko)  |2 snkbucl  |9 1215617 
610 2 7 |a Slovenské združenie telesnej kultúry  |2 snkbucl  |9 34414 
650 0 7 |a nehnuteľnosti  |x nájom  |x Urbár (Štrba, Slovensko)  |x Slovenské združenie telesnej kultúry (Bratislava, Slovensko)  |x spory  |2 snkbucl  |9 1215618 
651 7 |a Poprad (Slovensko : okres)  |2 snkbucl  |9 28675 
651 7 |a 1  |2 snkbucl  |9 291510 
655 7 |a články z novín a časopisov  |2 snkbucl  |9 267496 
773 0 |t Slovenský profit  |g Roč. 6, č. 5 (1998), s. 2 
850 |a Slovenská národná knižnica v Martine 
852 |a SNK  |b KIS3GCP 
958 |a RBX 
999 |c 2129018  |d 2130948